Planeamiento de la producción, inventarios y mano de obra (Registro nro. 1589)
[ vista simple ]
| 000 -LEADER | |
|---|---|
| fixed length control field | 02476 a2200265 4500 |
| 001 - CONTROL NUMBER | |
| control field | 27437 |
| 005 - DATE AND TIME OF LATEST TRANSACTION | |
| control field | 20260407155549.0 |
| 008 - FIXED-LENGTH DATA ELEMENTS--GENERAL INFORMATION | |
| fixed length control field | 260407a1963 arg spa d |
| 003 - CONTROL NUMBER IDENTIFIER | |
| control field | AR-UNSa-BCEJYS |
| 040 ## - CATALOGING SOURCE | |
| Original cataloging agency | AR-UNSa-BCEJYS |
| Language of cataloging | spa |
| Transcribing agency | AR-UNSa-BCEJYS |
| 080 ## - UNIVERSAL DECIMAL CLASSIFICATION NUMBER | |
| Universal Decimal Classification number | 658.5 |
| Common auxiliary subdivision | Planificación y control de la producción<br/> |
| 100 1# - MAIN ENTRY--PERSONAL NAME | |
| Personal name | Modigliani, Franco |
| 245 10 - TITLE STATEMENT | |
| Title | Planeamiento de la producción, inventarios y mano de obra |
| 264 #1 - PRODUCTION, PUBLICATION, DISTRIBUTION, MANUFACTURE, AND COPYRIGHT NOTICE | |
| Place of production, publication, distribution, manufacture | México : |
| Name of producer, publisher, distributor, manufacturer | Herrero Hermanos Sucesores |
| Date of production, publication, distribution, manufacture, or copyright notice | 1963 |
| 300 ## - PHYSICAL DESCRIPTION | |
| Extent | 469 p. |
| Dimensions | 24 cm. |
| 505 ## - FORMATTED CONTENTS NOTE | |
| Formatted contents note | Parte I: 1. Problemas, métodos y resultados - Parte II: Reglas decisiones para el planeamiento de la producción global y la mano de obra: 2. Reglas de decisiones para el planeamiento de la producción y la mano de obra - 3. Estimación de las relaciones entre costos y producción, mano de obra e inventario - 4. Derivación y cálculo de las normas de decisiones - 5. Aplicación de las normas decisiorias en materia de producción y mano de obra - 6. Decisiones lineales en casos de incertidumbre - 7. Predicción de pedidos globales - 8. Respuestas dinámicas optimas a las fluctuaciones en las ventas - 9. Costo de los errores en la predicción, en el control, en la información y en el cálculo o estimación - Parte III: Pedidos, despacho, producción y compra de artículos individuales: 10. Determinación de la cantidad de producción bajo resticciones de caracter global - 11. Programación periodica de inventario de amortiguación - 12. Planemiento de inventarios con disparador para lotes de tamaño fijo - 13. Tamaño de los lotes e inventarios de amortiguación bajo el sistema del punto de reordenamiento - 14. Predicción de ventas de productos individuales utilizando medias moviles con pesos especificos exponenciales - 15. Distribución probable de los errores de predicción - Parte IV: Diseño de sistema decisiorio: 16. Sistemas decisorios periodicos con disparador - 17. Diseño de sistemas decisorios para almacenes de fabricas - Parte V: Generalización de los métodos decisorios: 18. Métodos generales para la obtención de norma decisorias lineales - 19. Normas decisorias bajo tiempo continuo - 20. Otros métodos para planear la producción en el tiempo. |
| 590 ## - LOCAL NOTE (RLIN) | |
| Local note | niveau_biblio:m niveau_hierar:0 |
| 700 1# - ADDED ENTRY--PERSONAL NAME | |
| Personal name | Holt, Charles C. |
| 700 1# - ADDED ENTRY--PERSONAL NAME | |
| Personal name | Bonini, Charles P. |
| 700 1# - ADDED ENTRY--PERSONAL NAME | |
| Personal name | Muth, John F. |
| 700 1# - ADDED ENTRY--PERSONAL NAME | |
| Personal name | Winters, Peter R. |
| 700 1# - ADDED ENTRY--PERSONAL NAME | |
| Personal name | Simon, Herbert A. |
| 700 1# - ADDED ENTRY--PERSONAL NAME | |
| Personal name | Rivero Caso, Ramón |
| 942 ## - ADDED ENTRY ELEMENTS (KOHA) | |
| Koha item type | |
| Withdrawn status | Lost status | Damaged status | Not for loan | Home library | Current library | Shelving location | Date acquired | Total checkouts | Full call number | Barcode | Date last seen | Price effective from | Koha item type |
|---|---|---|---|---|---|---|---|---|---|---|---|---|---|
| Biblioteca Prof. Eusebio Cleto del Rey | Biblioteca Prof. Eusebio Cleto del Rey | 07/04/2026 | 658.5 P712 | L22450 | 07/04/2026 | 07/04/2026 | Libro | ||||||
| Biblioteca Prof. Eusebio Cleto del Rey | Biblioteca Prof. Eusebio Cleto del Rey | 07/04/2026 | 658.5 P712 | L22451 | 07/04/2026 | 07/04/2026 | Libro |